000 00924nam a2200253 a 4500
999 _c11690
_d11690
001 11690
003 BD-JhCC
005 20200720085228.0
008 200720b2018 bg a|||| ||a| 001 0 ben d
020 _a9789845062169
035 _a(BD-JhCC)11690
040 _aBD-JhCC
_dBD-JhCC
041 _aben
082 _a297.54
_bDAV 2018
100 _aডেভিড্স, আবু মনীর ইসমাইল
245 _aহজ পালনের শ্রেষ্ঠ উপায় /
_cআবু মনীর ইসমাইল ডেভিড্স, অনু: রিয়াজ উদ্দীন ।
260 _aঢাকা:
_bইউনিভার্সিটি প্রেস লিমিটেড;
_c২০১৮.
300 _a374 p. :
_bill;
_c22 cm.
650 _a Pillar of Islam
650 _aHajj
700 _aউদ্দীন, রিয়াজ
942 _2ddc
_cBK